01096na a2200325 450000100060000000300080000600500170001400800410003102000150007204000250008704100080011208200200012009000190014024501520015924600190031126000600033030000250039044000260041565000220044165000320046365000360049570000220053170000180055370000220057170000290059374000190062294200130064195201010065499900150075523248MIRAKIL20181213155211.0181026b tu 000 0  a9758112252 aMilasbturcTR-AnCHP atur a324.2bS59 2000 a324.2 S59 2000 aSiyasi partilerde reformbDevlet reformuckoordinatör Ali Çarkoğlu; tebliğ verenler Tarhan Erdem, Mehmet Kabasakal, Ömer Faruk Gençkaya aDevlet reformu aİstanbulbTESEV Yayınlarıc2000fAcar Matbaacılık a271 s.btbl.c23 sm. aTesev Yayınlarıv13 aSiyasal reformlar aSiyasal partilerxTürkiye aSiyaset ve yönetimxTürkiye aÇarkoğlu, Ali aErdem, Tarhan aKabasakal, Mehmet aGençkaya, Ömer Faruk aDevlet reformu 2ddccBKS a0001b0001d2017-08-18e2l0o324.2 S59 2000p017233r2017-08-18 00:00:00v0.00w2017-08-18yBKS c8410d8410